The economic potential of a larger Europe (Record no. 6762)
[ view plain ]
| 000 -LEADER | |
|---|---|
| fixed length control field | 00436nam a22001817i 4500 |
| 001 - CONTROL NUMBER | |
| control field | 8077 |
| 003 - CONTROL NUMBER IDENTIFIER | |
| control field | OSt |
| 005 - DATE AND TIME OF LATEST TRANSACTION | |
| control field | 20170126082406.0 |
| 007 - PHYSICAL DESCRIPTION FIXED FIELD--GENERAL INFORMATION | |
| fixed length control field | tu |
| 008 - FIXED-LENGTH DATA ELEMENTS--GENERAL INFORMATION | |
| fixed length control field | 161220s2004 xxu||||| |||| 00| 0 d |
| 020 ## - INTERNATIONAL STANDARD BOOK NUMBER | |
| International Standard Book Number | 1-84376-962-X |
| 024 7# - OTHER STANDARD IDENTIFIER | |
| Standard number or code | 8077 |
| Source of number or code | RID |
| 040 ## - CATALOGING SOURCE | |
| Transcribing agency | OSt |
| 100 1# - MAIN ENTRY--PERSONAL NAME | |
| Personal name | Liebscher, Klaus |
| 245 00 - TITLE STATEMENT | |
| Title | The economic potential of a larger Europe |
| 260 ## - PUBLICATION, DISTRIBUTION, ETC. | |
| Place of publication, distribution, etc. | Cheltenham & Northampton : |
| Name of publisher, distributor, etc. | Edwar Elgar, |
| Date of publication, distribution, etc. | 2004. |
| 300 ## - PHYSICAL DESCRIPTION | |
| Extent | XXVIII, 312 S. |
| 942 ## - ADDED ENTRY ELEMENTS (KOHA) | |
| Koha item type | Book |
| Withdrawn status | Lost status | Damaged status | Not for loan | Home library | Current library | Shelving location | Date acquired | Inventory number | Total Checkouts | Full call number | Barcode | Date last seen | Price effective from | Koha item type |
|---|---|---|---|---|---|---|---|---|---|---|---|---|---|---|
| WIIW | WIIW | Library | 05/23/2012 | 8077 | 7.770 | 10004337 | 01/26/2017 | 01/26/2017 | Book |
